Analyse mathématique
Uloženo v:
| Hlavní autor: | |
|---|---|
| Médium: | Kniha |
| Jazyk: | francouzština |
| Vydáno: |
París
Dunod
1968
|
| Edice: | Collection Universitaire de Mathématiques, 25
|
| Témata: | |
| Tagy: |
Přidat tag
Žádné tagy, Buďte první, kdo vytvoří štítek k tomuto záznamu!
|
MARC
| LEADER | 00000nam a2200000 a 4500 | ||
|---|---|---|---|
| 001 | UCP0760 | ||
| 003 | CL-VaPUC | ||
| 008 | 990319e19680000FR |||||||||||||||||fre|d | ||
| 082 | 0 | 4 | |a 515.1 |b GAR |2 21 |
| 100 | |a Garsoux, Julien |e author |9 429571 | ||
| 245 | 1 | 0 | |a Analyse mathématique |
| 300 | |a 582 p | ||
| 942 | |c BK | ||
| 945 | |d 19990319 00:00:00 |a crobeson | ||
| 260 | |a París |b Dunod |c 1968 | ||
| 650 | 0 | |a Análisis matemático |9 260146 | |
| 650 | 0 | |a Funciones |9 263869 | |
| 650 | 0 | |a Teoría de números |9 265327 | |
| 650 | 0 | |a Números reales |9 270334 | |
| 650 | 0 | |a Topología |9 260092 | |
| 650 | 0 | |a Espacios topológicos |9 360015 | |
| 650 | 0 | |a Espacios métricos |9 269874 | |
| 650 | 0 | |a Espacios vectoriales topológicos |9 424115 | |
| 583 | |a last modification |c 19990319 00:00:00 |k Rodrigo Vera | ||
| 490 | 0 | |a Collection Universitaire de Mathématiques, 25 | |
| 999 | |c 279507 |d 279505 | ||
| 952 | |0 0 |1 0 |4 0 |6 515_100000000000000_GAR_1968 |7 0 |8 A |9 319056 |a BIBMAT |b BIBMAT |d 2019-11-20 |i 1330055 |o 515.1 GAR 1968 |p 1330055 |r 2025-01-07 |w 2019-11-20 |y BK |k MAT | ||